|
|
|
|
| LEADER |
00000nab a2200000 ar4500 |
| 001 |
vtls008963770 |
| 003 |
SK-MaSNL |
| 005 |
20260303070756.0 |
| 008 |
070415c20070405xo mr|p|||||||000 b|slo |
| 015 |
|
|
|a SNKBUCL2007/04
|2 snkbucl
|
| 038 |
|
|
|a SNKBUCL
|
| 040 |
|
|
|a SNKBUCL
|b slo
|c SNKBUCL
|e AACR2
|
| 041 |
0 |
|
|a slo
|
| 044 |
|
|
|a xo
|c SK
|
| 080 |
|
|
|a 796.332.093.1
|2 2001
|
| 245 |
0 |
0 |
|a Štvrťfinále Slovenského pohára vo futbale
|
| 300 |
|
|
|b Fotogr., tab.
|
| 648 |
|
7 |
|a sezóna 2006/2007
|2 snkbucl
|9 1032718
|
| 650 |
0 |
7 |
|a futbal
|2 snkbucl
|9 3291
|
| 650 |
0 |
7 |
|a Slovenský pohár
|2 snkbucl
|9 839689
|
| 650 |
0 |
7 |
|a štvrťfinále
|2 snkbucl
|9 862004
|
| 773 |
0 |
|
|t Šport
|g Roč. 61, č. 80 (5.4.2007), s. 2-3
|x 0139-7001
|
| 852 |
|
|
|a SNK
|b KIS3GCP
|
| 999 |
|
|
|c 1756876
|d 1758806
|